000
00196 a2200097 4500
001
1324
100
_a
Hume, K.J.
245
_a
Practical Metrology
260
_a
_b
Macdonald
_c
090
_c
882
_d
882
942
_a
NUST-CAE
_c
M
_c
35622
999
_c
236397
_d
236397